000 01510nam a22003857a 4500
005 20211206143946.0
008 130528s2020 ck frf 001 0 sspad
020 _a9789587970111 (45a.Ed.)
020 _a9789587671049
020 _a9789587670271
020 _a9789587672022 (40a.Ed.)
020 _c9789587676037 (42a.Ed.)
020 _a9789587673586 (41a.Ed.)
020 _a 9789586539593 (37a.Ed.)
020 _a9789586538961 (36a.Ed.)
020 _a0120629X (22a.Ed.)
040 _aCO-BoUCM
_bspa
_cDeissy Garcia (modificó)
_dAldemar Mondragón
041 0 0 _aspa
245 0 0 _aGuía Legis para la declaración de renta
_cLegis ; actualizada por Juan Camilo Serrano Valenzuela ; con la colaboración de Natacha Mariú Alvear Aragón
246 1 4 _aGuía Legis para la declaración de renta 2020
250 _a45a.Ed.
260 _aBogotá (Colombia)
_bLegis Editores
_c2020
300 _axxxiii, 477 páginas
_btablas
500 _aIncluye índice alfabético
650 7 _aDeclaraciones de renta
_zColombia
_vManuales
_938441
650 7 _aDerecho fiscal
_xLegislación
_zColombia
_938442
650 7 _aDerecho tributario
_zColombia
_vManuales
_938443
650 7 _aImpuestos
_zColombia
_vManuales
_938444
690 _aDerecho Tributario
_912836
700 1 _aAlvear Aragón, Natacha Mariú
_938446
700 1 _aSerrano Valenzuela, Juan Camilo
_938445
710 2 _aLegis Editores
_928092
942 _a8
_cLIBRO
_e45
_mG943
_2DEWEY
_h343.05044
999 _c166538
_d166538